Loading...
Muhammed Nabi(s) Nitya Pournami
| Main Author: | |
|---|---|
| Format: | Printed Book |
| Published: |
Kottayam, Current Books
1992
|
| Subjects: |
| LEADER | 005290000a22001810004500 | ||
|---|---|---|---|
| 020 | |a 81-=240-0051-4 | ||
| 082 | |a 920 MUH N2 | ||
| 100 | |a Abdul Rahman Mather, K M | ||
| 245 | |a Muhammed Nabi(s) Nitya Pournami | ||
| 260 | |a Kottayam, Current Books | ||
| 260 | |c 1992 | ||
| 650 | |a Biography | ||
| 650 | |a Muslim | ||
| 650 | |a Prophet Muhammed | ||
| 650 | |a Religion | ||
| 942 | |c BK | ||
| 999 | |c 133296 |d 133292 | ||
| 952 | |0 0 |1 0 |4 0 |6 920_000000000000000_MUH_N2 |7 0 |9 132224 |a SCP |b SCP |d 2014-02-11 |l 0 |o 920 MUH N2 |p SCP04346 |r 2014-02-11 |w 2014-02-11 |y BK | ||